<?xml version="1.0" encoding="UTF-8"?><?xml-stylesheet type="text/xsl" href="static/style.xsl"?><OAI-PMH xmlns="http://www.openarchives.org/OAI/2.0/" xmlns:xsi="http://www.w3.org/2001/XMLSchema-instance" xsi:schemaLocation="http://www.openarchives.org/OAI/2.0/ http://www.openarchives.org/OAI/2.0/OAI-PMH.xsd"><responseDate>2026-04-13T00:52:41Z</responseDate><request verb="GetRecord" identifier="oai:www.recercat.cat:10459.1/68066" metadataPrefix="marc">https://recercat.cat/oai/request</request><GetRecord><record><header><identifier>oai:recercat.cat:10459.1/68066</identifier><datestamp>2024-12-05T23:07:24Z</datestamp><setSpec>com_2072_3622</setSpec><setSpec>col_2072_478537</setSpec></header><metadata><record xmlns="http://www.loc.gov/MARC21/slim" xmlns:dcterms="http://purl.org/dc/terms/" xmlns:xsi="http://www.w3.org/2001/XMLSchema-instance" xmlns:doc="http://www.lyncode.com/xoai" xsi:schemaLocation="http://www.loc.gov/MARC21/slim http://www.loc.gov/standards/marcxml/schema/MARC21slim.xsd">
   <leader>00925njm 22002777a 4500</leader>
   <datafield ind2=" " ind1=" " tag="042">
      <subfield code="a">dc</subfield>
   </datafield>
   <datafield ind2=" " ind1=" " tag="720">
      <subfield code="a">Marginet Llimargas, Queralt</subfield>
      <subfield code="e">author</subfield>
   </datafield>
   <datafield ind2=" " ind1=" " tag="260">
      <subfield code="c">2020-02-18T19:45:29Z</subfield>
   </datafield>
   <datafield ind2=" " ind1=" " tag="260">
      <subfield code="c">2020-02-18T19:45:29Z</subfield>
   </datafield>
   <datafield ind2=" " ind1=" " tag="260">
      <subfield code="c">2020-02</subfield>
   </datafield>
   <datafield ind2=" " ind1=" " tag="520">
      <subfield code="a">Es va recollir calostre de més de 100 vaques per tal d'avaluar la qualitat amb un calostrímetre i un refractòmetre Brix. Es va col·locar el calostre en bosses de 2 o 4 L, una part es va pasteuritzar a 60°C durant 60 min i l'altre es va refrigerar directament. Seguidament, un total de 97 vedells van ser assignats a un tractament (pasteuritzat vs. no pasteuritzat) de forma aleatòria i se'ls va administrar el calostre mitjançant una sonda esofàgica. Per valorar el grau d'encalostrament es prenien mostres de sang a les 0 hores i a les 24 h per determinar la proteïna sèrica i s'agafaven mostres de sèrum per ser congelat per determinar les immunoglobulines.&#xd;
Des del naixement es va dur a terme un registre de salut de tots els animals que consistia a anotar tractaments veterinaris, baixes o qualsevol incidència. Per valorar el creixement animal es pesaven els animals el dia 0 i al cap de 21 dies.</subfield>
   </datafield>
   <datafield ind2=" " ind1=" " tag="520">
      <subfield code="a">Se recogió calostro de más de 100 vacas para evaluar la calidad con un calostrímetro y un refractómetro Brix. Se colocó el calostro en bolsas de 2 o 4 l, una parte se pasteurizó a 60°C durante 60 minutos y el otro se refrigeró directamente. Seguidamente, un total de 97 terneros fueron asignados a un tratamiento (pasteurizado vs. no pasteurizado) de forma aleatoria y se les administró el calostro mediante una sonda esofágica. Para valorar el grado de encalostramiento se tomaban muestras de sangre a las 0 horas y las 24 horas para determinar la proteína sérica y se cogían muestras de suero para congelar y determinar las inmunoglobulinas.&#xd;
Desde el nacimiento se llevó a cabo un registro de salud de todos los animales que consistía en anotar tratamientos veterinarios, bajas o cualquier incidencia. Para valorar el crecimiento animal se pesaban los animales a día 0 y a los 21 días.</subfield>
   </datafield>
   <datafield ind2=" " ind1=" " tag="520">
      <subfield code="a">Colostrum was collected from over 100 cows for quality evaluation with a colostrometer and Brix refractometer. Colostrum was placed in 2 or 4 L bags, one part was pasteurized at 60°C for 60 min, and the other was directly refrigerated. Then, a total of 97 calves were randomized to treatment (pasteurized vs. unpasteurized) and colostrum was administered using an oesophageal tube. Blood samples were taken at 0 h and at 24 h to determine the degree of encalostration and serum protein and serum samples were taken and frozen to determine immunoglobulins.&#xd;
From birth, a health record of all animals was made, which included veterinary treatments, casualties or any incidents. To assess animal growth, animals were weighed at day 0 and at day 21.</subfield>
   </datafield>
   <datafield ind1="8" ind2=" " tag="024">
      <subfield code="a">http://hdl.handle.net/10459.1/68066</subfield>
   </datafield>
   <datafield tag="653" ind2=" " ind1=" ">
      <subfield code="a">Pasteurització del calostre</subfield>
   </datafield>
   <datafield tag="653" ind2=" " ind1=" ">
      <subfield code="a">Bestiar boví lleter</subfield>
   </datafield>
   <datafield tag="653" ind2=" " ind1=" ">
      <subfield code="a">Calostre--Pasteurització</subfield>
   </datafield>
   <datafield tag="653" ind2=" " ind1=" ">
      <subfield code="a">Bestiar lleter</subfield>
   </datafield>
   <datafield tag="653" ind2=" " ind1=" ">
      <subfield code="a">Vedells</subfield>
   </datafield>
   <datafield ind2="0" ind1="0" tag="245">
      <subfield code="a">Efecte de la pasteurització del calostre sobre la seva qualitat, estat de salut i creixement animal en vedells lactants</subfield>
   </datafield>
   <datafield ind2="0" ind1="0" tag="245">
      <subfield code="a">Influència de la pasteurització del calostre en el bestiar boví lleter</subfield>
   </datafield>
   <datafield ind2="0" ind1="0" tag="245">
      <subfield code="a">Influencia de la pasteurización del calostro en el ganado vacuno lechero</subfield>
   </datafield>
   <datafield ind2="0" ind1="0" tag="245">
      <subfield code="a">Influence of colostrum pasteurization on dairy cattle</subfield>
   </datafield>
</record></metadata></record></GetRecord></OAI-PMH>